[Event "Oberliga Ost-A 1415"]
[Site "Germany"]
[Date "2015.02.22"]
[Round "8.4"]
[White "Hovsepyan, Vardan"]
[Black "Schnabel, Ralf"]
[Result "1/2-1/2"]
[WhiteElo "2072"]
[BlackElo "2205"]
[PlyCount "102"]
[EventDate "2014.09.21"]
[EventType "team-tourn"]
[EventRounds "11"]
[EventCountry "GER"]
[SourceTitle "EXT 2016"]
[Source "ChessBase"]
[SourceDate "2015.10.08"]
[SourceVersion "1"]
[SourceVersionDate "2015.10.08"]
[SourceQuality "1"]
[WhiteTeam "Hoyerswerda"]
[BlackTeam "Aue Nickelhuette II"]
[WhiteTeamCountry "GER"]
[BlackTeamCountry "GER"]

1. d4 f5 2. Nf3 Nf6 3. g3 g6 4. Bg2 Bg7 5. c4 d6 6. Nc3 0-0 7. d5 c5 8. h4 h6 9. Ng1 Nbd7 10. Nh3 Ne5 11. Qb3 Rb8 12. Bd2 a6 13. a4 b6 14. Nf4 Bd7 15. Qa2 Ne8 16. Rb1 Nc7 17. b3 b5 18. 0-0 Qe8 19. Nd3 Qf7 20. Nxe5 Bxe5 21. axb5 axb5 22. b4 cxb4 23. Nxb5 Nxb5 24. cxb5 Rxb5 25. Qa7 e6 26. Rxb4 Rxb4 27. Bxb4 f4 28. dxe6 Bxe6 29. Qxf7+ Rxf7 30. g4 Kg7 31. Bf3 Kf6 32. Rd1 Rd7 33. Bc6 Rc7 34. Bf3 Ke7 35. Ba5 Ra7 36. Bb6 Ra1 37. Rxa1 Bxa1 38. e3 Be5 39. Kf1 Bf6 40. exf4 Bxh4 41. Be3 Bf6 42. g5 Bg7 43. f5 gxf5 44. gxh6 Be5 45. Bg5+ Kf8 46. Ke2 Kg8 47. Kd3 Bf7 48. Bc6 Kh7 49. Bd7 Kg6 50. f4 Bb2 51. Be7 Kxh6 1/2-1/2

[Event "Oberliga Ost-A 1415"]
[Site "Germany"]
[Date "2015.01.18"]
[Round "7.5"]
[White "Wappler, Marcus"]
[Black "Hovsepyan, Vardan"]
[Result "1-0"]
[WhiteElo "2209"]
[BlackElo "2072"]
[PlyCount "105"]
[EventDate "2014.09.21"]
[EventType "team-tourn"]
[EventRounds "11"]
[EventCountry "GER"]
[SourceTitle "EXT 2016"]
[Source "ChessBase"]
[SourceDate "2015.10.08"]
[SourceVersion "1"]
[SourceVersionDate "2015.10.08"]
[SourceQuality "1"]
[WhiteTeam "Dresden Gruen Weiss"]
[BlackTeam "Hoyerswerda"]
[WhiteTeamCountry "GER"]
[BlackTeamCountry "GER"]

1. e4 e5 2. Nf3 Nc6 3. Nc3 Nf6 4. Bb5 Bc5 5. 0-0 d6 6. d4 exd4 7. Nxd4 Qd7 8. Bg5 Bxd4 9. Bxc6 bxc6 10. Qxd4 Nh5 11. e5 h6 12. Bh4 0-0 13. exd6 cxd6 14. Rfe1 f6 15. Re3 Bb7 16. Rae1 c5 17. Qc4+ d5 18. Qxc5 Nf4 19. Re7 Rfe8 20. f3 Qc6 21. Bf2 Rxe7 22. Rxe7 a6 23. Rc7 Qxc5 24. Bxc5 Bc8 25. Bd6 d4 26. Bxf4 dxc3 27. Rxc3 Be6 28. b3 Rc8 29. Rxc8+ Bxc8 30. Kf2 g5 31. Bd6 Kf7 32. Ke3 h5 33. Kd4 Bf5 34. c4 h4 35. b4 Ke6 36. Bb8 Kd7 37. b5 axb5 38. cxb5 h3 39. g3 Bc2 40. Kc5 Kc8 41. Bd6 Bd1 42. f4 Kb7 43. Kb4 g4 44. a4 f5 45. a5 Be2 46. Kc5 Ka7 47. Kc6 Bd3 48. Bc5+ Ka8 49. Kb6 Kb8 50. a6 Be4 51. Ka5 Bd3 52. b6 Be4 53. b7 1-0

[Event "Oberliga Ost-A 1415"]
[Site "Germany"]
[Date "2014.11.09"]
[Round "4.4"]
[White "Hovsepyan, Vardan"]
[Black "Puls, Thomas"]
[Result "0-1"]
[WhiteElo "2072"]
[BlackElo "2169"]
[PlyCount "112"]
[EventDate "2014.09.21"]
[EventType "team-tourn"]
[EventRounds "11"]
[EventCountry "GER"]
[SourceTitle "EXT 2016"]
[Source "ChessBase"]
[SourceDate "2015.10.08"]
[SourceVersion "1"]
[SourceVersionDate "2015.10.08"]
[SourceQuality "1"]
[WhiteTeam "Hoyerswerda"]
[BlackTeam "Halle Volksbank"]
[WhiteTeamCountry "GER"]
[BlackTeamCountry "GER"]

1. e4 c5 2. Nf3 Nc6 3. Nc3 g6 4. d4 cxd4 5. Nxd4 Bg7 6. Be3 Nf6 7. f3 0-0 8. Nb3 d6 9. Qd2 Be6 10. Nd4 Nxd4 11. Bxd4 d5 12. exd5 Nxd5 13. Bxg7 Kxg7 14. Nxd5 Qxd5 15. Qxd5 Bxd5 16. Bb5 Rac8 17. 0-0-0 Rc5 18. a4 Bb3 19. Rd2 Rfc8 20. c3 a6 21. Bd3 Bxa4 22. Re1 R8c7 23. Bc2 Bxc2 24. Kxc2 h5 25. Rd8 Kf6 26. Re4 e6 27. Rb4 b5 28. Rbd4 Rc4 29. Kb3 Ke7 30. Rd1 Ra4 31. h3 h4 32. R8d4 Rxd4 33. Rxd4 g5 34. Kb4 f5 35. Ka5 Rc6 36. Rd1 e5 37. Rd2 Kf6 38. Rf2 Ke6 39. Kb4 e4 40. fxe4 fxe4 41. b3 Ke5 42. c4 bxc4 43. bxc4 e3 44. Rf1 Kd4 45. Rd1+ Ke4 46. Rd8 e2 47. Re8+ Kd3 48. Rd8+ Ke3 49. Re8+ Kf2 50. Rf8+ Kxg2 51. Re8 Kf1 52. Rf8+ Ke1 53. Kc3 Re6 54. Kc2 a5 55. c5 a4 56. Kd3 a3 0-1